| 000 | 00933nam a2200301 a 4500 | ||
|---|---|---|---|
| 001 | 000010774 | ||
| 005 | 20200929162305.0 | ||
| 008 | 830329s1982 sp a 000 0 spa | ||
| 010 | _a83131668 | ||
| 020 | _a848533776X | ||
| 035 | _a(DLC) 83131668 | ||
| 040 |
_aDO-SdBNP _cDLC _dDLC _dBNPHU |
||
| 043 | _ae-sp--- | ||
| 082 |
_a599.734 _bM294m |
||
| 245 | 0 | 0 |
_aManual de la matanza / _cJ. V. Sueiro ... [et al.]. |
| 260 |
_aMadrid : _bPenthalon, _c[1982?]. |
||
| 300 |
_a269 p. : _bil. ; _c19 cm. |
||
| 490 | 1 |
_aTextos ludicos de Pantagruel _v21 |
|
| 650 | 4 |
_aCarnívoros _925996 |
|
| 650 | 4 |
_aCarnívoros fósiles _925997 |
|
| 650 | 4 |
_aCorte de carnes _zEspaña _925998 |
|
| 700 | 1 |
_aSueiro, Jorge-Victor. _925999 |
|
| 700 | 1 |
_aE. Méndez Riestra. _926000 |
|
| 700 | 1 |
_aJ. J. Lapitz. _926001 |
|
| 700 | 1 |
_aJ. C. Capel. _926002 |
|
| 830 | 0 |
_aTextos ludicos de Pantagruel ; _p21 _926003 |
|
| 910 | _aCatalogación por copia / LC | ||
| 999 |
_c10526 _d10526 |
||